00965 a2200265 4500502001200000653004900012100003600061041000700097245013700104300001300241650001700254650001300271650001800284300003100302130000700333710010400340040000900444651001400453651001700467041000700484041000700491653003400498651001000532520015700542 aThèse1 aSciences et Techniques de Production Animale aTOVIGNON ZOUGOU, Gilbert Comlan bFr aDistribution géographique des aliments simples et composés utilisés en alimentation d'aulacodes au sud et au centre du Bénin aV-116 p. aALIMENTATION aAULACODE aFOURRAGE VERT bill., graph., tabl., 29 cm lFr a, , , ,  aDoc. aSUD BENIN aCENTRE BENIN bFr bEn 1aProduction Animale Zootechnie aBENIN aLe présent travail s'est fixé pour objectif principal de recenser les aliments simple utilisés et ingrédients alimentaires en aulacodiculture...